The contingent valuation of environmental resources : methodological issues and research needs
Αποθηκεύτηκε σε:
| Άλλοι συγγραφείς: | , |
|---|---|
| Μορφή: | Βιβλίο |
| Γλώσσα: | English |
| Δημοσίευση: |
Cheltenham, UK; Brookfield, US :
Edward Elgar,
1996
|
| Σειρά: | New horizons in environmental economics
|
| Θέματα: | |
| Ετικέτες: |
Προσθήκη ετικέτας
Δεν υπάρχουν, Καταχωρήστε ετικέτα πρώτοι!
|
MARC
| LEADER | 00000nam a2200000 i 4500 | ||
|---|---|---|---|
| 001 | 1/11762 | ||
| 008 | 980112s1996 eng d | ||
| 020 | |a 1-85898-321-5 | ||
| 035 | |1 ΠΑΡ |a 1997 |l 10018374 | ||
| 040 | |a GR-MY-UA |b gre |e aacr | ||
| 041 | 0 | |a eng | |
| 082 | 0 | |a 363.7 | |
| 245 | 1 | 4 | |a The contingent valuation of environmental resources : |b methodological issues and research needs / |c Edited by David J. Bjornstad and James R. Kahn |
| 260 | |a Cheltenham, UK; Brookfield, US : |b Edward Elgar, |c 1996 | ||
| 300 | |a 305 p. |b fig.; tables | ||
| 490 | 1 | |a New horizons in environmental economics | |
| 504 | |a Includes bibliographical references and index | ||
| 650 | 0 | 0 | |a Environmental policy. |
| 650 | 0 | 0 | |a Conservation of natural resources |x Research. |
| 650 | 0 | 0 | |a Contingent valuation. |
| 700 | 1 | |a Bjornstad, David J. | |
| 700 | 1 | |a Kahn, James R. |4 edt | |
| 830 | 0 | |a New horizons in environmental economics | |
| 852 | |a INST |b LESVOS |e 19980112 |h 363.7 CON |p 005100015288 |q 005100015288 |t BK |y 0 | ||
| 909 | |a Λ |b 052221 | ||
| 950 | |a 054/1996-02-06 | ||